Artificial intelligence : a modern approach /

"Updated edition of popular textbook on Artificial Intelligence. This edition specific looks at ways of keeping artificial intelligence under control"--

書目詳細資料
Main Authors: Russell, Stuart J. (Stuart Jonathan) (Author), Norvig, Peter (Author)
格式: 圖書
語言:English
出版: Harlow : Pearson, c2022.
版:Fourth edition.
叢編:Pearson series in artificial intelligence
主題:
Classic Catalogue: View this record in Classic Catalogue
LEADER 03567nam a22004938i 4500
001 39966
003 BD-DhAAL
008 221108t2022 xxka b 001 0 eng d
999 |c 44758  |d 44758 
010 |a  2019047498 
020 |a 9781292401133 
020 |a 1292401133 
020 |a 9780134610993 
040 |a DLC  |b eng  |e rda  |c DLC  |d BD-DhAAL 
042 |a pcc 
050 0 0 |a Q335  |b .R86 2021 
082 0 0 |a 006.3  |2 23 
100 1 |a Russell, Stuart J.  |q (Stuart Jonathan),  |e author.  |9 52252 
245 1 0 |a Artificial intelligence :  |b a modern approach /  |c Stuart J. Russell and Peter Norvig. 
250 |a Fourth edition. 
263 |a 2101 
264 1 |a Harlow :  |b Pearson,  |c c2022. 
300 |a 1166 pages :  |b illustrations ;  |c 26 cm. 
490 0 |a Pearson series in artificial intelligence 
504 |a Includes bibliographical references and index. 
520 |a "Updated edition of popular textbook on Artificial Intelligence. This edition specific looks at ways of keeping artificial intelligence under control"-- 
526 |a CSE 
541 |a Karim International  |e 39966, 39967, 39968, 39969, 39970, 39971, 39972, 39973, 39974, 39975 
650 0 |a Artificial intelligence.  |9 52253 
650 0 |a Computer science.  |9 52254 
700 1 |a Norvig, Peter,  |e author.  |9 52255 
830 |a Pearson series in artificial intelligence  |9 52256 
852 |a Ayesha Abed Library  |c General Stacks 
942 |2 ddc  |c BK 
952 |0 0  |1 0  |2 ddc  |4 0  |6 006_300000000000000_RUS  |7 0  |9 72202  |a BRACUL  |b BRACUL  |c GEN  |d 2022-10-27  |e Karim International  |g 6100.00  |l 9  |m 89  |o 006.3 RUS  |p 3010039970  |q 2026-06-02  |r 2026-05-21  |s 2026-05-21  |t 5  |v 6100.00  |w 2022-10-27  |y BK 
952 |0 0  |1 0  |2 ddc  |4 0  |6 006_300000000000000_RUS  |7 0  |9 72203  |a BRACUL  |b BRACUL  |c GEN  |d 2022-10-27  |e Karim International  |g 6100.00  |l 6  |m 60  |o 006.3 RUS  |p 3010039974  |r 2026-04-26  |s 2025-12-27  |t 9  |v 6100.00  |w 2022-10-27  |y BK 
952 |0 0  |1 0  |2 ddc  |4 0  |6 006_300000000000000_RUS  |7 0  |9 72204  |a BRACUL  |b BRACUL  |c GEN  |d 2022-10-27  |e Karim International  |g 6100.00  |l 8  |m 107  |o 006.3 RUS  |p 3010039966  |r 2026-05-10  |s 2026-02-03  |t 1  |v 6100.00  |w 2022-10-27  |y BK 
952 |0 0  |1 0  |2 ddc  |4 0  |6 006_300000000000000_RUS  |7 0  |9 72205  |a BRACUL  |b BRACUL  |c GEN  |d 2022-10-27  |e Karim International  |g 6100.00  |l 9  |m 119  |o 006.3 RUS  |p 3010039967  |r 2026-05-18  |s 2026-01-31  |t 2  |v 6100.00  |w 2022-10-27  |y BK 
952 |0 0  |1 0  |2 ddc  |4 0  |6 006_300000000000000_RUS  |7 0  |9 72206  |a BRACUL  |b BRACUL  |c GEN  |d 2022-10-27  |e Karim International  |g 6100.00  |l 8  |m 93  |o 006.3 RUS  |p 3010039972  |q 2026-01-29  |r 2025-05-24  |s 2025-05-24  |t 7  |v 6100.00  |w 2022-10-27  |y BK 
952 |0 0  |1 0  |2 ddc  |4 0  |6 006_300000000000000_RUS  |7 0  |9 72207  |a BRACUL  |b BRACUL  |c GEN  |d 2022-10-27  |e Karim International  |g 6100.00  |l 8  |m 102  |o 006.3 RUS  |p 3010039969  |r 2026-05-21  |s 2026-02-03  |t 4  |v 6100.00  |w 2022-10-27  |y BK 
952 |0 0  |1 0  |2 ddc  |4 0  |6 006_300000000000000_RUS  |7 0  |9 72208  |a BRACUL  |b BRACUL  |c GEN  |d 2022-10-27  |e Karim International  |g 6100.00  |l 9  |m 78  |o 006.3 RUS  |p 3010039968  |q 2026-07-29  |r 2025-07-16  |s 2025-07-16  |t 3  |v 6100.00  |w 2022-10-27  |y BK 
952 |0 0  |1 0  |2 ddc  |4 0  |6 006_300000000000000_RUS  |7 0  |9 72209  |a BRACUL  |b BRACUL  |c GEN  |d 2022-10-27  |e Karim International  |g 6100.00  |l 7  |m 105  |o 006.3 RUS  |p 3010039973  |q 2026-06-02  |r 2025-09-08  |s 2025-09-08  |t 8  |v 6100.00  |w 2022-10-27  |y BK 
952 |0 0  |1 0  |2 ddc  |4 0  |6 006_300000000000000_RUS  |7 0  |9 72210  |a BRACUL  |b BRACUL  |c GEN  |d 2022-10-27  |e Karim International  |g 6100.00  |l 8  |m 86  |o 006.3 RUS  |p 3010039975  |q 2026-01-29  |r 2025-05-24  |s 2025-05-24  |t 10  |v 6100.00  |w 2022-10-27  |y BK 
952 |0 0  |1 0  |2 ddc  |4 0  |6 006_300000000000000_RUS  |7 0  |9 72211  |a BRACUL  |b BRACUL  |c GEN  |d 2022-10-27  |e Karim International  |g 6100.00  |l 5  |m 44  |o 006.3 RUS  |p 3010039971  |q 2025-10-08  |r 2024-10-30  |s 2024-10-30  |t 6  |v 6100.00  |w 2022-10-27  |y BK